01249nam a22001457a 4500003000900000005001700009008004100026040001300067245011600080250001100196260004500207300001800252490002600270520080700296IT-RoPau20220918181106.0130522b xxu||||| |||| 00| 0 eng d cIT-RoPau aPellegrini verso il Padre - Apocalisse 1-3bItinerario spirituale FSP e SSP - Provincia italiana - anno 1998-99 a1° ed aRomabFSP e SSP Provincia italianac1998 a72 pp.c21 cm aItinerario spirituale aIndice Alle sorelle e ai fratelli Premessa all'Itinerario 1998-99 Introduzione al libro dell'Apocalisse Apocalisse 1-3 Il messaggio di Cristo alle sette Chiese: un itinerario di conversione 1° giorno: Cristo Gesù, rivelatore del Padre nella Chiesa universale 2° giorno: Cristo Gesù, rivelatore del Padre in una Chiesa particolare Struttura letterario-tematica di Apocalisse 2-3 3° giorno: Cristo Gesù, perfetto rivelatore del Padre 4° giorno: Cristo Gesù, rivelatore della giustizia del Padre 5° giorno: Cristo Gesù Agnello del Padre (eucarestia) 6° giorno: Cristo Gesù rivela la paternità universale di Dio e dona vita piena 7° giorno: Cristo Gesù vivente nella Chiesa in forza dello Spirito, rivela il Padre in ogni tempo Parola carismatica Il "Pardre Nostro" in sant'Agostino